Malwa me kala tatha sthapatya (Record no. 16723)

MARC details
000 -LEADER
fixed length control field 00323nam a2200133Ia 4500
082 ## - DEWEY DECIMAL CLASSIFICATION NUMBER
Classification number TD.0235
100 ## - MAIN ENTRY--AUTHOR NAME
Personal name Dalal, Manoharlal
245 #0 - TITLE STATEMENT
Title Malwa me kala tatha sthapatya
260 ## - PUBLICATION, DISTRIBUTION, ETC. (IMPRINT)
Year of publication 1972
Name of publisher Vikram University
300 ## - PHYSICAL DESCRIPTION
Number of Pages 343p., maps. + C D 18
650 ## - SUBJECT ADDED ENTRY--TOPICAL TERM
Topical Term ARTS - MALWA
650 ## - SUBJECT ADDED ENTRY--TOPICAL TERM
Topical Term MALWA - HISTORY
942 ## - ADDED ENTRY ELEMENTS (KOHA)
Koha item type Thesis
Source of classification or shelving scheme Dewey Decimal Classification
Holdings
Withdrawn status Lost status Damaged status Not for loan Home library Current library Date acquired Full call number Accession Number Price effective from Koha item type
        NASSDOC Library NASSDOC Library 08/10/2004 TD.0235 8883 18/04/2019 Thesis